000 00784nam a2200229 a 4500
001 56147
003 BD-RjUL
005 20211227104203.0
008 161127s1954 bg ||||| |||| 00| 0 ben d
035 _a(BD-RjUL)56271
040 _aBD-RjUL
_bben
_cBD-RjUL
041 _aben
082 _223
_aB 891.442
_bKHF 1954
100 _aখলীল, ইব্রাহীম
_9167134
245 1 0 _aফিরিঙ্গী-রাজ :
_bঐতিহাসিক নাটক /
_cইব্রাহীম খলীল
250 _a১ম সং.
260 _aঢাকা :
_bঢাকা বুক ডিপো,
_c১৯৫৪.
300 _a৮৬ পৃ.
_c১৭ সেমি.
650 _aবাংলা নাটক
_9167135
650 _aBengali Drama
_9167136
942 _2ddc
_cBK
999 _c56147
_d56147